Chemical oxidation--technologies for the nineties : (Record no. 12054)
[ view plain ]
| 000 -LEADER | |
|---|---|
| fixed length control field | 00695nam a2200193Ia 4500 |
| 020 ## - INTERNATIONAL STANDARD BOOK NUMBER | |
| ISBN | 1566761247 (pbk.) |
| 040 ## - CATALOGING SOURCE | |
| Transcribing agency | TBZ |
| 082 ## - DEWEY DECIMAL CLASSIFICATION NUMBER | |
| Classification number | 628 TEC 1994 A040 Or. |
| 245 10 - TITLE STATEMENT | |
| Title | Chemical oxidation--technologies for the nineties : |
| Remainder of title | proceedings of the Third International Symposium, Chemical Oxidation : Technology for the Nineties, Vanderbilt University, Nashville, Tennessee, February 17,-19, 1993 |
| 260 ## - PUBLICATION, DISTRIBUTION, ETC. (IMPRINT) | |
| Place of publication | Lancaster , PA : |
| Name of publisher | Technomic Pub. Co., |
| Year of publication | 1994 |
| 300 ## - PHYSICAL DESCRIPTION | |
| Number of Pages | v, 266 p. : |
| Other physical details | ill. ; |
| Dimensions | 28 cm |
| 650 #0 - SUBJECT ADDED ENTRY--TOPICAL TERM | |
| Topical Term | Sewage |
| 650 #0 - SUBJECT ADDED ENTRY--TOPICAL TERM | |
| Topical Term | Factory and trade waste |
| 650 #0 - SUBJECT ADDED ENTRY--TOPICAL TERM | |
| Topical Term | Groundwater |
| 700 1# - ADDED ENTRY--PERSONAL NAME | |
| Personal name | Eckenfelder, W. Wesley |
| 700 1# - ADDED ENTRY--PERSONAL NAME | |
| Personal name | Bowers, Alan R |
| 700 1# - ADDED ENTRY--PERSONAL NAME | |
| Personal name | Roth, John A |
| 942 ## - ADDED ENTRY ELEMENTS (KOHA) | |
| Koha item type | សៀវភៅភាសាអង់គ្លេស |
| 952 ## - LOCATION AND ITEM INFORMATION (KOHA) | |
| Withdrawn status [LOCAL, KOHA] | 0 |
| Permanent Location | Date acquired | Koha item type | Lost status | Shelving location | Barcode | Current Location | Full call number |
|---|---|---|---|---|---|---|---|
| Library Block A | 2017-08-09 | សៀវភៅភាសាអង់គ្លេស | A041 | A17669 | Library Block A | 628 TEC 1994 A041 Or. |